Music Quiz

Random Music or Song Quiz

Take That songs Quiz Stats

 Plays Quiz not verified by Sporcle

Score 0/102 Timer 15:00
0 Plays Today
% Correct
The Flood
85.9%
Shine
82.7%
Everything Changes
79.7%
Patience
79.3%
Relight My Fire
75.1%
Back For Good
75.1%
Never Forget
75.1%
The Circus
74.7%
Pray
72.2%
Beautiful
71.2%
Greatest Day
70.5%
A Million Love Songs
68.4%
Babe
67.9%
Beautiful World
67.1%
Take That & Party
64.1%
Said It All
62.9%
Up All Night
62.9%
The Garden
61.2%
Kidz
60.3%
These Days
58.3%
Could It Be Magic
58.2%
Wooden Boat
57.4%
Sure
56.5%
SOS
56.4%
Nobody Else
55.3%
Hold Up A Light
54%
Do What You Like
52.3%
Julie
52.3%
It Only Takes A Minute
51.5%
Man
51.3%
Eight Letters
48.7%
Love Love
48.1%
Hello
47.3%
How Did It Come To This
46%
% Correct
Promises
45.6%
I Found Heaven
45.1%
Reach Out
45.1%
Mancunian Way
45.1%
Happy Now
44.9%
Love Ain't Here Anymore
44.3%
I'd Wait For Life
44.3%
Pretty Things
43.6%
Hold On
42.6%
You
41.8%
What Is Love
40.5%
Wait
40.4%
Underground Machine
39.7%
What Do You Want From Me
38.5%
Butterfly
38.4%
Here
37.6%
Why Can't I Wake Up With You
34.6%
Once You've Tasted Love
33.8%
Flowerbed
33.3%
When We Were Young
33.3%
Affirmation
32.7%
Let In The Sun
32.1%
Aliens
32.1%
She Said
31.6%
Ain't No Sense In Love
31.2%
LIke I Never Loved You At All
30.4%
What You Believe In
29.1%
Get Ready For It
28.6%
The Day After Tomorrow
28.3%
Give Good Feeling
27%
Hey Boy
26.2%
Every Guy
26.2%
Wonderful World
25.6%
Satisfied
24.9%
% Correct
Lady Tonight
23.2%
The Day The Work Is Done
23.1%
Sunday To Saturday
21.5%
Into The Wild
21.4%
Flaws
21.4%
I Can Make it
21.1%
Another Crack In My Heart
21.1%
Hate It
20.7%
Don't Say Goodbye
20.5%
Higher Than Higher
19%
I Like It
17.9%
Freeze
17.9%
Portrait
16.7%
Wasting My Time
16%
If This Is Love
16%
Holding Back The Tears
16%
Whatever You Do To Me
15.6%
Lovelife
15.5%
Will You Be There For Me
13.1%
Hanging Onto Your Love
13.1%
Meaning Of Love
12.7%
Broken Your Heart
11.4%
If You Want It
10.7%
Give You My Love
10.7%
Believe
10.7%
Do It All For Love
10.7%
6 In The Morning Fool
10.1%
Amazing
9.5%
Carry Me Home
8.3%
Bird In Your Hand
8.3%
You Are The One
8%
Fall Down At Your Feet
4.8%
If It's Not Love
4.8%
All That Matters To Me
2.1%

You're not logged in!

Compare scores with friends on all Sporcle quizzes.
OR
Log In

Show Comments

Extras

Created Oct 12, 2010ReportNominate
Tags:Song Quiz, Take That

Top Quizzes Today


Score Distribution

Your Account Isn't Verified!

In order to create a playlist on Sporcle, you need to verify the email address you used during registration. Go to your Sporcle Settings to finish the process.

Report this User

Report this user for behavior that violates our Community Guidelines.

Details: